000 01111nam a22003137a 4500
003 CHAP
005 20220329140952.0
008 971013s1978 r 00010 d
010 _a60639
011 _a61611
035 _a65779
040 _cCHAP
082 _a634.956
_bE8
110 _aEscuela Superior de Agricultura Hermanos Escobar. Ciudad Juárez, Chih.
_937617
245 _aFactores de la producción frutícola
_b: memoria
260 _aCiudad Juárez, Chih. :
_bLa Escuela,
_c1978
300 _a151 h.
_b: ilus.
500 _aCurso en sustitución de tesis para obtener el título de Ingeniero Agrónomo
590 _aBATCH-UPD
_b10
_c20130110
_lUCH01
_h1644
590 _aBATCH-UPD
_b10
_c20130410
_lUCH01
_h1034
590 _aBATCH-UPD
_b10
_c20130914
_lUCH01
_h1448
590 _aCONVERSION
_b10
_c20130109
_lUCH01
_h1333
650 1 4 _aFruticultura.
_943684
650 1 4 _aPropagación de árboles frutales.
_992415
901 _aBK
942 _cLIBRO
949 _a634.956 E8
_bBC
_cLIBRO
_d33724000244299
_eLIBRO
_h71423
_i65779
_si
949 _a634.956 E8
_bZA
_cLIBRO
_d-149077
_eLIBRO
_h5299
_i65779
_si
999 _c60639
_d60639